000 00959nam a22002657a 4500
999 _c9871
_d9871
003 AR-CdUCM
008 190328b ||||| |||| 00| 0 spa d
040 _aMUNICIPALIDAD PROVINCIAL DEL CUSCO
_cBIBLIOTECA MUNICIPAL DEL CUSCO
041 _heng
082 _a364 /
_bB73 / 1943
100 _aBonger, W. A.
_926373
245 _aIntroducción a la Criminología /
260 _aMéxico :
_bFondo de Cultura Económica ;
_c1943.
300 _a303 páginas ;
_c22cm
440 _aManuales Introductorios
_n2
_926374
500 _aSección de obras de Sociología
505 _aContenido: El daño social del delito -- Contenido de la criminología -- Métodos y medios de la criminología -- Sobre el determinismo...
650 _aCriminología
_97441
650 _aDelito
_95138
650 _aAntropología
_9878
650 _aPsicología del delito
_926375
700 _aPeña, Antonio (traducción)
_926376
942 _2ddc
_cLIBROS
945 _anom